Industry 4.0 in SMEs across the globe: Challenges and opportunities (Record no. 1269265)

MARC details
000 -LEADER
fixed length control field 01398nam a2200217 4500
005 - DATE AND TIME OF LATEST TRANSACTION
control field 20250325160634.0
008 - FIXED-LENGTH DATA ELEMENTS--GENERAL INFORMATION
fixed length control field 250325b |||||||| |||| 00| 0 eng d
020 ## - INTERNATIONAL STANDARD BOOK NUMBER
International Standard Book Number 9781647266653
037 ## - SOURCE OF ACQUISITION
Terms of availability Textual
040 ## - CATALOGING SOURCE
Original cataloging agency RTL
Transcribing agency RTL
084 ## - COLON CLASSIFICATION NUMBER
Classification number X91:8 R3
Assigning agency RTL
245 ## - TITLE STATEMENT
Title Industry 4.0 in SMEs across the globe: Challenges and opportunities
260 ## - PUBLICATION, DISTRIBUTION, ETC.
Place of publication, distribution, etc. New York
Name of publisher, distributor, etc. Clanrye International
Date of publication, distribution, etc. 2023
300 ## - PHYSICAL DESCRIPTION
Extent vi, 237p.
Other physical details Includes list of contributors and index
520 ## - SUMMARY, ETC.
Summary, etc. Industry 4.0 refers to the fourth industrial revolution that began in 2011. It has revolutionized the ways in which companies carry out their operations, and manufacture and distribute their products. The industrial environment is drastically changing with the introduction of technologies such as artificial intelligence, cloud computing, Internet of things (IoT), machine learning, and data analytics. Modern smart technologies are used for analyzing and diagnosing problems that enable the companies to make better decisions without human intervention. Smart manufacturing incorporates computer-integrated manufacturing to increase automation and self-optimization of process improvements.
650 ## - SUBJECT ADDED ENTRY--TOPICAL TERM
Topical term or geographic name entry element Industry
650 ## - SUBJECT ADDED ENTRY--TOPICAL TERM
Topical term or geographic name entry element Small business--Technological innovations
9 (RLIN) 747568
650 ## - SUBJECT ADDED ENTRY--TOPICAL TERM
Topical term or geographic name entry element Small business--Management
9 (RLIN) 747569
710 ## - ADDED ENTRY--CORPORATE NAME
Corporate name or jurisdiction name as entry element Turner, Parker
Relator term Editor
9 (RLIN) 747570
942 ## - ADDED ENTRY ELEMENTS (KOHA)
Source of classification or shelving scheme Colon Classification (CC)
Suppress in OPAC No
Koha item type Textbook
Classification part X91:8 R3
Holdings
Withdrawn status Lost status Source of classification or shelving scheme Damaged status Not for loan Home library Current library Date acquired Total Checkouts Full call number Barcode Date last seen Price effective from Koha item type
    Colon Classification (CC)     Ratan Tata Library Ratan Tata Library 2025-03-25   X9:8 R3 RT1528409 2025-09-25 2025-03-25 Textbook
Copyright @ Delhi University Library System